Sinh thái rừng (Giáo trình Đại học Lâm nghiệp)

Guardat en:
Dades bibliogràfiques
Autor principal: Hoàng Kim Ngũ
Format: Llibre
Idioma:Undetermined
Publicat: Hà Nội Nông Nghiệp 1998
Matèries:
Etiquetes: Afegir etiqueta
Sense etiquetes, Sigues el primer a etiquetar aquest registre!
Thư viện lưu trữ: Trung tâm Học liệu Trường Đại học Cần Thơ
LEADER 00517nam a2200169Ia 4500
001 CTU_28028
008 210402s9999 xx 000 0 und d
082 |a 634.967 
082 |b Ng500 
100 |a Hoàng Kim Ngũ 
245 0 |a Sinh thái rừng (Giáo trình Đại học Lâm nghiệp) 
245 0 |c Hoàng Kim Ngũ, Phùng Ngọc Lan 
260 |a Hà Nội 
260 |b Nông Nghiệp 
260 |c 1998 
650 |a forest ecology 
980 |a Trung tâm Học liệu Trường Đại học Cần Thơ